000
00269pam a2200121 a 4500
020
_c
041
_h
100
_a
S.H. HOWARD.,
_e
AUTHOR.
245
_a
FOREST POCKET BOOK
_h
Textual Documents
260
_a
[s.l]:
_b
NATRAJ PUBLISHERS.
300
_a
555.
930
_a
2753
999
_c
248604
_d
248604